Focus sur: Avery (II) - Harry Potter - Statistiques

Statistiques générales
  • Ce quiz a été pris 53 fois
  • Le résultat moyen est 5 sur 6
Statistiques - réponses
Informations recherchées Réponses % Correct
Ecole fréquentée Poudlard
98%
Maison fréquentée Serpentard
93%
Statut du sang Sang-Pur
91%
Père (probablement) Avery
87%
Première apparition Harry Potter et la Coupe de Feu
78%
Acteur l'interprétant dans les films Richard Rosson
11%
Aucun quiz correspondant
Distribution des résultats
% des personnes avec chaque résultat
Percentile par nombre de réponses
Votre historique - résultats
Vous n’avez pas pris ce quiz